Entry Konu Terimi
001 - KONTROL NUMARASI
- Kontrol alanı: 123743
003 - KONTROL NUMARASI KİMLİĞİ
- Kontrol alanı: TR-BiSEU
005 - SON İŞLEM TARİHİ VE ZAMANI
- Kontrol alanı: 20260207004616.0
008 - SABİT UZUNLUKTAKİ VERİ ÖGELERİ - GENEL BİLGİ
- Sabit uzunlukta kontrol alanı: 260207|| aca||aabn | a|a d
040 ## - KATALOGLAMA KAYNAĞI
- Özgün kataloglama kurumu: TR-BiSEU
- Çeviri kurumu: TR-BiSEU
150 ## - KONU BAŞLIKLARI - KONU TERİMİ
- Konu terimi: Bağdat--Sâmerrâ--Abbâsî
670 ## - BİLGİNİN KAYNAĞI
- Bilginin alındığı kaynak: KOHA: (TR-BiSEU)66201: Dündar, Abdülhamit. 123740, 4/10. yüzyılda Bağdat (Topografya, toplumsal yapı, gündelik hayat)/
